Entry Personal Name
Number of records used in: 2
001 - CONTROL NUMBER
003 - CONTROL NUMBER IDENTIFIER
005 - DATE AND TIME OF LATEST TRANSACTION
- control field:
20230818100841.0
008 - FIXED-LENGTH DATA ELEMENTS
- fixed length control field:
230818|| aca||aabn | a|a d
040 ## - CATALOGING SOURCE
- Original cataloging agency:
JRU
- Transcribing agency:
JRU
100 ## - HEADING--PERSONAL NAME
- Personal name:
NANDA, BASANTA KUMAR
670 ## - SOURCE DATA FOUND
- Source citation:
Work cat.: (JRU)8383: NANDA, BASANTA KUMAR, ELECTROTHERAPY SIMPLIFIED, 2020